[Event "Sofia MTel Masters 1st"]
[Site "Sofia"]
[Date "2005.05.20"]
[Round "8"]
[White "Topalov, Veselin"]
[Black "Polgar, Judit"]
[Result "1/2-1/2"]
[WhiteElo "2778"]
[BlackElo "2732"]
[Annotator "Ribli,Z"]
[PlyCount "135"]
[EventDate "2005.05.12"]
[EventType "tourn"]
[EventRounds "10"]
[EventCountry "BUL"]
[EventCategory "20"]
[SourceTitle "CBM 107"]
[Source "ChessBase"]
[SourceDate "2005.08.01"]
[SourceVersion "1"]
[SourceVersionDate "2005.08.01"]
[SourceQuality "1"]

1. e4 c5 2. Nf3 e6 3. d4 cxd4 4. Nxd4 Nc6 5. Nc3 Qc7 6. Be3 a6 7. Qd2 {Früher
spielte man die Variante 7.Bd3, heutzutage ist dieser Plan mit 0-0-0 in Mode.}
Nf6 (7... b5 8. Nxc6 Qxc6 9. f3 Bb7 10. O-O-O Ne7 $6 11. Kb1 Ng6 12. h4 b4 13.
Ne2 Ne5 14. Nf4 Rc8 15. Bd4 f6 16. Nh5 Qd6 17. Qe1 Qc7 18. Rd2 $14 {0-1
Grischuk,A-Polgar,J/Wijk aan Zee 2003/ (47)}) 8. O-O-O Bb4 (8... b5 9. Bf4 Qb6
10. e5 Nxd4 $2 $146 (10... Qxd4) 11. exf6 $1 Nc6 12. Ne4 d5 13. Nd6+ Kd7 14.
Nxf7 {1-0 Kasimdzhanov,R-Polgar,J/Moscow (m/3-blitz) 2002/[Ribli] (42)}) 9. f3
Ne7 {Dieser Zug wurde von Andersson in die Turnierpraxis eingeführt.} (9... d5
10. a3 Bxc3 11. Qxc3 dxe4 12. fxe4 $1 Nxe4 13. Qd3 f5 14. Qc4 e5 15. Nxc6 Qxc6
16. Rd5 Qe6 17. Ra5 Nd6 18. Qc3 $16 {1-0 Polgar,J-Horvath,J/Kallithea 2002/
[Ribli] (24)}) (9... Ne5 10. Nb3 b5 (10... d5 11. Bd4 O-O 12. Kb1 $5 $146 dxe4
13. Qf4 Bd6 14. Nxe4 Nxe4 15. Qxe4 Nc6 16. Bc3 Bd7 17. g4 $1 Rfe8 18. Bd3 g6
19. Rhe1 $5 {1/2-1/2 Movsesian,S-Polgar,J/Budapest 2003/ (43)}) 11. Kb1 Nc4 (
11... Be7 12. Qf2 d6 13. Bb6 $1 Qb8 14. Bd4 Nc6 15. Be3 Nd7 16. g4 O-O 17. g5
b4 18. Na4 {[%csl Ga4]} Nce5 19. Rg1 {[%cal Gf3f4]} Bb7 20. Na5 Rc8 21. b3 $1 {
1-0 Topalov,V-Movsesian,S/Tripoli 2004/CBM 102/[Ribli] (36)}) 12. Bxc4 bxc4 13.
Nc1 Qb7 14. N1e2 O-O 15. Qd4 Rb8 16. Bc1 $14 {Topalov,V-Ponomariov,R/Wijk aan
Zee 2005/}) (9... Na5 10. Nb3 d5 11. Bf4 (11. Kb1 Nxb3 12. axb3 dxe4 13. Nb5
Qe7 14. Nc7+ Qxc7 15. Qxb4 Nd5 16. Qxe4 Nxe3 17. Qxe3 Bd7 18. Qd4 e5 19. Qb4
O-O-O {0-1 Topalov,V-Anand,V/Sofia BUL 2004 (42)}) 11... Nxb3+ 12. cxb3 Qa5 13.
e5 Nd7 14. a3 Be7 15. Kb1 b5 16. b4 Qd8 17. Ne2 Nb6 18. Nd4 Bd7 19. b3 O-O 20.
Ka2 Qb8 21. Rc1 Qa7 22. Be3 Rac8 {1-0 Topalov,V-Anand,V/Monte Carlo MNC 2004/ 
(61)}) 10. Nde2 b5 $146 {Das ist die schwarze (vorbereitete) Neuerung. Die
Variante 10...d5 bietet Weiß bessere Chancen.} (10... d5 11. Bg5 (11. a3 Ba5
12. Bg5 dxe4 13. Bxf6 gxf6 14. Qh6 f5 15. Qf6 (15. fxe4 Qe5 16. Qh5 Bd7 17. g4
Bxc3 18. Nxc3 Qf4+ 19. Kb1 Qxg4 20. Qh6 O-O-O 21. Bxa6 {1-0 Sandipan,C-Fominyh,
A/Dhaka 2004/ (49)}) 15... Ng6 16. fxe4 f4 17. g3 Bd7 18. gxf4 Bxc3 19. bxc3
Qd8 20. Qxd8+ Rxd8 21. Rg1 Ke7 22. Rg3 Rc8 {1/2-1/2 Korneev,O-Graf,A/Espana
2003/[Ribli] (51)}) 11... dxe4 12. Bxf6 gxf6 13. Qd4 exf3 14. Qxb4 fxe2 15.
Bxe2 f5 16. Rd6 $5 (16. Bb5+ $5 axb5 17. Nxb5 $40) 16... Bd7 17. Rhd1 Bc6 18.
Qd4 O-O (18... Rg8 19. g3 $44) 19. g4 $36 fxg4 20. Qxg4+ Ng6 21. h4 $1 {
1-0 Korneev,O-Horvath,A/Zalaegerszeg 2004/CBM 101/[Ribli] (33)}) 11. Kb1 Ba5 (
11... O-O $2 12. Nxb5) 12. Qd4 Nc6 13. Qc5 Bb4 14. Qg5 O-O 15. Qg3 Ne5 $1 {
[%csl Ge5]} (15... Qxg3 16. hxg3 $14 {[%csl Yd6][%cal Gg3g4] Weiß hat kleine,
aber dauerhafte Positionsvorteile; das Feld d6 ist ein positionelles Loch in
der schwarzen Stellung.}) 16. h4 (16. Bd4 d6 17. f4 Ned7 18. e5 Ne8 19. Qe3 $11
(19. Ne4 dxe5 20. fxe5 Bb7 21. Nd6 Bxd6 22. exd6 Qxd6 23. Qxd6 Nxd6 24. Bc3 Bd5
25. Bb4 Ne4 $1 26. Bxf8 Nf2 $15 {[%cal Rf2d1,Rf2h1]})) 16... Bb7 17. h5 Ne8 $1
$11 {Originell und stark gespielt Schwarz hat eine gut verteidigte Stellung.}
18. a3 Bd6 19. Bf4 f6 $1 20. Na2 {[%cal Ge2c3] Mit diesem Zug befreit Weiß das
Feld c3 für den anderen Springer.} Rc8 21. Nec3 Bc6 (21... Nf7 22. Bxd6 Nexd6
$11) 22. Be2 a5 $132 {Schwarz verfügt über gefährlichen Gegenangriff am
Damenflügel.} 23. h6 g6 24. Rxd6 $5 {[%mdl 512] Weiß opfert die Qualität für
einen Bauern und aktive Stellung.} Qxd6 25. Nxb5 Bxb5 26. Bxb5 Nc7 27. Be2 Rb8
28. a4 Qd4 29. b3 d6 $15 30. Bc1 $1 {[%cal Gf3f4,Gc1b2] Weiß befreit seinen
f-Bauern, da er f3-f4 plant und seinen Läufer auf b2 zu positionieren.} Qxa4
31. Bb2 Qe8 32. f4 Nc6 33. Rd1 a4 $1 34. f5 (34. Rxd6 axb3 35. cxb3 Nb5 36.
Rxe6 $2 Qxe6 37. Bc4 Na3+ $1 38. Bxa3 Qxc4 $19) 34... axb3 35. cxb3 Ne5 36.
Rxd6 Qe7 $138 {In beiderseitiger Zeitnot spielen beide Parteien gut.} 37. fxg6
hxg6 $1 38. Nc1 (38. Bxe5 fxe5 39. Qxg6+ Kh8 $17) 38... Kh7 39. Bxe5 {Endlich
tauscht Weiß den schwarzen Springer.} fxe5 40. Qxe5 Rbd8 41. Rc6 Rf7 42. Nd3 (
42. g4 $5) 42... Rb8 $1 43. Kb2 Qd8 44. b4 (44. g4 Nb5 $1 45. Qxe6 Qd4+ 46. Kc2
Ra7 47. Qxg6+ Kh8 $17 {[%csl Rc2] Weiss hat vier Bauern für die Qualität, aber
sein König steht unsicher.}) 44... Rb7 45. Rc2 Na6 {[%csl Rb4]} 46. Kb3 Rfd7
47. Rc3 Rd6 48. Nc5 Nxc5+ (48... Rxb4+ $6 49. Kc2 Rb2+ $1 50. Kc1 (50. Kxb2
Qb8+ {[%cal Gb8e5,Rb8b2]} 51. Kc1 Rd1+ 52. Bxd1 Qxe5 $19) 50... Rb1+ 51. Kxb1
Qb8+ 52. Rb3 Rd1+ 53. Bxd1 Qxe5 54. Nxa6 Qxe4+ 55. Bc2 Qxg2 $14) 49. Rxc5 Ra7
50. Ra5 Rc7 51. Rc5 Ra7 52. Ra5 Rad7 $1 {Schwarz ist nicht zufrieden mit der
Zugwiederholung.} 53. Rc5 (53. Bc4 $142) 53... Rd2 $1 54. Bc4 Rxg2 55. Bxe6 Re7
56. Qc3 Qa8 $17 {[%csl Ga8,Rb3][%cal Ra8a2,Ra8e4] Die schwarze Dame steht sehr
aktiv auf a8.} 57. Ra5 Qxe4 58. Bd5 Qb1+ 59. Ka3 Rg1 $2 $138 (59... Rf2 $1 $17
{[%csl Ra3]}) 60. Bg8+ $1 {[%mdl 256] Dieses schöne Läuferopfer führt zum
Dauerschach.} Kxg8 61. Ra8+ Kf7 62. Qc4+ $1 $11 (62. Qg7+ $2 Ke6 63. Ra6+ Kf5
64. Qf6+ Kg4 65. Qxg6+ Kh4 66. Qf6+ Kh3 $19) 62... Re6 63. Ra7+ Kf6 64. Qf4+
Qf5 65. Qd4+ Qe5 (65... Re5 $4 66. Qd8+ Ke6 67. Re7+ Kf6 68. Rd7+ $18) 66. Qf2+
Qf5 67. Qd4+ Qe5 68. Qf2+ 1/2-1/2

[Event "Dortmund SuperGM 33rd"]
[Site "Dortmund"]
[Date "2005.07.12"]
[Round "5"]
[White "Bacrot, Etienne"]
[Black "Topalov, Veselin"]
[Result "1/2-1/2"]
[WhiteElo "2729"]
[BlackElo "2788"]
[Annotator "Mikhalevski,V"]
[PlyCount "186"]
[EventDate "2005.07.07"]
[EventType "tourn"]
[EventRounds "9"]
[EventCountry "GER"]
[EventCategory "19"]
[SourceTitle "CBM 108"]
[Source "ChessBase"]
[SourceDate "2005.09.26"]
[SourceVersion "1"]
[SourceVersionDate "2005.09.26"]
[SourceQuality "1"]

1. d4 Nf6 2. c4 c5 3. d5 g6 4. Nc3 d6 5. e4 Bg7 6. Nf3 O-O 7. h3 e6 {Topalov
is probably the only top player who likes the Benoni type of positions with
black pieces.} 8. Bd3 Na6 {This rare continuation is a pet-line of Armenian GM
Minasian who won quite a few games with this setup. Nevertheless I wouldn't
recommend it for you at least you play against a weaker opponent and want to
surprise him... Perhaps Topalov prepared manouevre of the knight to c7 with
exd5 to follow which would help him to play b5.} (8... exd5 9. cxd5 {leads to
a very popular position in the Benoni.}) 9. O-O (9. Bg5 h6 10. Be3 Nc7 11. O-O
$6 (11. Qd2) (11. a4 $5) 11... exd5 12. exd5 b5 $1 13. Qd2 bxc4 14. Bxc4 Kh7
$11 {0-1 Halkias,S-Minasian,A, EU-ch 5th Antalya 2004/CBM101 [Avrukh,B]}) 9...
Nc7 10. dxe6 {[%csl Rd6] Bacrot prefers to concentrate on the weakness on the
d6 which is one of the possible plans in this type of positions.} ({White also
tested many other ideas including two most popular ones} 10. Be3) (10. Rb1) ({
and also} 10. Re1) 10... Nxe6 11. Be3 Nd7 {Black will try to compensate
weakness on d6 by activity of his pieces. In particular the knight from d7
will go to e5 and then possible to c6.} 12. Be2 $1 $146 {A strong novelty. It
turns out that Bacrot is ready to trade the queens, but in case he will trade
his light-squared bishop- a deep positional concept.} ({Earlier White tested} 
12. Qd2 {, which promises no advantage.} Ne5 13. Be2 (13. Nxe5 dxe5 14. Nd5 Bd7
15. Rfe1 Bc6 16. Bf1 Qd7 {Kiselev,S-Ulibin,M/Cheliabinsk 1993. is about equal.}
) 13... Nxf3+ 14. Bxf3 Nd4 15. Bxd4 Bxd4 16. Bg4 ({or} 16. Nb5 Be5 17. Rad1 Qh4
$1 {with good play for Black.}) 16... Bxg4 17. hxg4 Qh4 18. Qe2 $6 Rae8 {
Gladyszev,O-Chatalbashev,B/France 2004. and Black was better.}) ({and} 12. Re1
Ne5 13. Bf1 Nxf3+ 14. Qxf3 Nd4 15. Qd1 Be6 {Rustemov,A-Saldano Dayer,H/Almeria
2003. and Black is fine again.}) 12... Ne5 13. Nxe5 $1 dxe5 14. Qxd8 $1 Rxd8
15. Bg4 $1 {[%csl Rd5] This is the idea behind 12. Be2! Eventually White wants
to obtain a position with a knight or a "good" bishop vs a "bad" bishop.} h5 ({
Another option is to check White's idea with} 15... Nd4 16. Bxc8 Raxc8 {
and White still has to find a good moment for exchange of the black knight.})
16. Bxe6 Bxe6 17. Nd5 {This is the position White was willing to get. After
almost inevitable exchange on d5 White will have a nice dark-squared bishop vs
a "bad" one on g7, which is restricted by his own pawns.} b6 18. a4 {White
takes control over the light squares on the queenside and maybe even prepares
a5.} f5 19. f3 Bxd5 {Black agrees to a worse endgame.} 20. cxd5 $14 {[%csl Ge3,
Rg7]} Bf8 {Black brings the bishop to a good blockade position on d6.} 21. Rfc1
{Now White's plan includes doubling the rooks along the c-file and then
bringing the king closer to the centre.} Kf7 22. Rc3 Rdc8 23. Rac1 Rc7 24. b4
Rac8 {with the idea c4. That's why} 25. Rc4 Bd6 {Protecting the rook Black
creates a threat of cxb4.} 26. bxc5 ({In case of} 26. b5 {Black would look for
counterplay by means of} a6 27. bxa6 Ra8) 26... Bxc5 27. Kf1 Bd6 {The arising
bishop endagame is better for White but as the game shows it's not easy, if
possible at all, to convert this advantage into a win.} 28. Rxc7+ Rxc7 29.
Rxc7+ Bxc7 30. a5 {An attempt to create a weakness on the queen side.} ({
I also don't see how to make progress after} 30. Ke2 a6 {Then Black simply
waits with the king.}) 30... bxa5 31. Bxa7 Kf6 32. Ke2 Bd6 {[%cal Gf6g5]} 33.
Be3 a4 34. Kd3 Ke7 35. Kc4 Kf6 36. Bd2 fxe4 37. fxe4 Bf8 38. Ba5 (38. Bb4 $5 {
was a serious attempt to fight for a win. Here is a possible follow-up.} a3 39.
Bc3 Kg5 $5 (39... a2 {is dangerous in view of} 40. Kb3 Kg5 $1 41. Bd2+ $1 Kh4
42. Kxa2 Kg3 43. Kb3 Kxg2 44. Bb4 Bh6 45. Be7 $1 Kxh3 46. d6 Be3 47. Kc4 g5 48.
Kb5 g4 49. d7 g3 50. d8=Q g2 51. Qd3 $1 g1=Q 52. Bc5 $18) 40. Bxe5 (40. g3 a2
$1 41. Bxe5 (41. Kb3 h4 $1 42. Bd2+ Kf6 $1 43. Kxa2 hxg3 {with counterplay.})
41... Bd6 $1 42. Bb2 Bxg3 $1 (42... h4 $6 43. e5 Bxe5 44. Bxe5 Kf5 $1 45. Bd4
hxg3 46. d6 g2 47. d7 a1=Q $1 (47... g1=Q 48. d8=Q Qf1+ (48... a1=Q $2 49. Qf6+
Ke4 50. Bxa1) 49. Kc5 {with chances for a win.}) 48. d8=Q Qa2+ $1 49. Kc5 g1=Q
{and Black seems to equalize.})) 40... a2 41. Kd3 $1 (41. Ba1 Kf4 42. e5 Bg7
43. d6 Bxe5 44. d7 Bc7) 41... Bd6 42. Ba1 Kf4 43. h4 $1 Bc7 $1 (43... Be5 $2
44. g3+ $1 $18) 44. g3+ Kxg3 45. e5 Kxh4 46. d6 Bb8 47. Kc4 Kg4 48. Kc5 $1 h4
49. e6 h3 50. e7 Bxd6+ 51. Kxd6 h2 52. e8=Q h1=Q 53. Qxg6+ Kf4 {with a draw.
Of course a mistake is possible in all of this complicated lines, but it's
clear that 38.Bb4 was a good chance for a win.}) 38... Kg5 $2 {This move seems
to lose by force.} (38... Bd6 $5) 39. g3 $2 ({After the correct} 39. Bb4 $1 a3
40. d6 $1 {White wins a pawn, which is enough for winning the game.} Kf6 (40...
a2 41. d7 a1=Q 42. d8=Q+ Kf4 43. Qh4+ $1 Ke3 44. Qg3+ Kxe4 45. Qf3#) 41. d7 Be7
42. Bxa3 Ke6 43. Bxe7 Kxe7 44. Kd5 $18) 39... Kf6 40. Bc7 a3 41. Kb3 Bc5 42.
Bd8+ Kf7 43. Bg5 Bf2 44. g4 hxg4 45. hxg4 Ke8 46. Bf6 Bd4 47. Kxa3 {White
succeeded to win the a-pawn. Now the question is whether he can break through
Black's fortress.} Kd7 48. Kb4 Kd6 49. Bg7 Be3 50. Kc4 Bc1 51. Bf8+ Kd7 52. Bc5
Kc7 53. Kd3 Kd7 54. Be3 Ba3 55. Bd2 Bc5 56. Kc4 Bf2 57. Bb4 Be3 58. Bc3 Kd6 59.
Kb5 Bf2 60. Ka6 Bd4 $1 {Black needs his king on d7 to prevent Kc8.} 61. Ba5 Kd7
62. Bb6 Bb2 63. Kb7 Bc3 64. Bc7 Bb2 65. Bb8 Bd4 66. Ka6 Kc8 67. Bd6 Kd7 68. Bf8
Bc3 69. Kb5 Bb2 70. Bc5 Bc1 71. Kc4 Bd2 72. Ba3 Be3 73. Bb4 Bc1 74. d6 Kc6 75.
d7 {White tried everything and it didn't work, so now he is trying his very
last chance.} Kxd7 76. Kd5 Bg5 (76... Bf4 {changes nothing in view of} 77. Bd6)
77. Kxe5 Bh4 78. Kd5 Bg5 79. e5 Bh4 80. Bc5 Bg5 81. Bf2 Ke7 82. e6 Ke8 $11 {
Unfortunately for White this position is also a fortress.} 83. Ke5 Ke7 84. Bc5+
Ke8 85. Ke4 Kd8 86. Bd6 Ke8 87. Bf4 Bf6 88. Be3 Ke7 89. Kd5 Ke8 90. Kd6 Kd8 91.
Bd2 Ke8 92. Bf4 Kd8 93. Be5 Bg5 {Lucky Topalov! The game shows that Bacrot's
opening strategy deserves serious attention. White obtains a slightly better
position without any risk to lose, while Black has to defend passively.}
1/2-1/2

[Event "FIDE-Wch"]
[Site "San Luis"]
[Date "2005.10.10"]
[Round "11"]
[White "Adams, Michael"]
[Black "Topalov, Veselin"]
[Result "1/2-1/2"]
[WhiteElo "2719"]
[BlackElo "2788"]
[Annotator "Ftacnik,L"]
[PlyCount "89"]
[EventDate "2005.09.28"]
[EventType "tourn"]
[EventRounds "14"]
[EventCountry "ARG"]
[EventCategory "20"]
[SourceTitle "CBM 110"]
[Source "ChessBase"]
[SourceDate "2006.01.31"]
[SourceVersion "1"]
[SourceVersionDate "2006.01.31"]
[SourceQuality "1"]

1. e4 c5 2. Nf3 d6 3. d4 cxd4 4. Nxd4 Nf6 5. Nc3 a6 6. Be2 e6 7. O-O Be7 8. a4
Nc6 9. Be3 O-O 10. f4 Qc7 11. Kh1 Re8 12. Bf3 Bf8 13. Nb3 b6 14. e5 dxe5 15.
fxe5 Nd7 16. Bxc6 Qxc6 17. Nd4 Qb7 18. Qh5 g6 19. Qh4 Nxe5 20. Ne4 Be7 21. Ng5
{This very sharp line is dangerous for black, but if he survives dangers on
the kingside counterplay along a8-h1 diagonal could become vital.} (21. Qf4 f5
22. Qxe5 Qxe4 23. Qxe4 fxe4 24. Nc6 Bc5 25. Bxc5 bxc5 26. Kg1 (26. Rad1 e5 {
1/2-1/2 Acs,P-Ribli,Z/Hungary 1999/}) (26. Ne5 Rd8 27. Kg1 Bb7 28. Nc4 a5 {
1/2-1/2 Dolmatov,S-Shipov,S/St Petersburg 1998/}) 26... e5 27. Na5 Rd8 28. Nc4
Be6 29. Nxe5 Rd2 {1/2-1/2 Neelotpal,D-Goloshchapov,A /Dhaka 2003/ (48)}) 21...
Bxg5 22. Bxg5 f5 23. Rae1 Qd5 (23... Nf7 24. Bf6 (24. Rxf5 e5 25. Rf2 Bg4 26.
Qxg4 exd4 27. Ref1 Re4 28. Bf4 {1-0 Zelcic,R-Brkic,A/Bosnjaci 2005/ (44)}) (24.
Nxf5 gxf5 25. Bf6 Nh8 26. Rxf5 Ng6 27. Rg5 Qf7 28. Rxg6+ Qxg6 29. Re3 {1-0
Asrian,K-Kurnosov,I/Moscow 2005/ (48)}) 24... Bd7 25. Rf3 (25. Re3 Bc6 {
1/2-1/2 Almasi,Z-Ribli,Z/Hungary 1999/}) 25... Bc6 26. Rg3 Be4 27. Rf1 Qd7 28.
Qh5 Nh8 29. c4 {1-0 Rajlich,V-Antal,G/Budapest 2002/ (53)}) 24. Ne2 $1 $146 {
Adams comes up with a very interesting novelty, since the spirited 24.c4 could
have been refuted with the help of 21...Qxc4!} (24. Rd1 Bb7 25. Qg3 Nf7 26. Bf6
Rac8 27. c3 Rc4 28. h3 Rxa4 29. Nf3 f4 30. Rxd5 fxg3 31. Rd7 Bxf3 32. gxf3 Rf4
{0-1 Zelcic,R-Vovk,Y/Cappelle la Grande 2005/ (49)}) (24. c4 Qxc4 $1 (24...
Nxc4 $2 25. Nxf5 $1 gxf5 26. Rf3 $1 (26. Bh6 Ne5 27. Qf6 Ra7 $11) 26... Ra7 (
26... Ne5 27. Rxe5 Qxe5 28. Bf6 $18) 27. Bf6 Kf7 28. Rg3 e5 (28... Rg8 29.
Qxh7+ Kxf6 30. Qxg8 Rc7 31. Qg5+ Kf7 32. Qg7+ $18) 29. Rg7+ Ke6 30. Rxa7 Bb7
31. Rxb7 Qxb7 32. Bg5 $16) 25. Bf6 Nd7 26. Rxf5 (26. Nxf5 Qxh4 27. Nxh4 e5 $17)
26... Bb7 27. Rf4 Nxf6 28. Qxf6 Rf8 29. Qxe6+ Qxe6 30. Nxe6 Rxf4 31. Nxf4 Rf8
32. Nd3 Rd8 $17) 24... Nf7 (24... Bb7 $5 25. Nf4 Qd6 26. Rxe5 (26. Bf6 Ng4 (
26... Nd7 27. Nxg6 $1) 27. h3 e5 28. hxg4 exf4 29. gxf5 Qd2 30. Rxe8+ Rxe8 31.
Rf2 Re1+ 32. Kh2 Qc1 33. Qxf4 $11) 26... Qxe5 27. Bf6 Bxg2+ $1 (27... Qd6 28.
Nxg6 $18) (27... Qe4 28. Qh6 $18) 28. Nxg2 Qc5 $13) 25. Nf4 Qc6 26. Nh5 $1 Nxg5
{[%mdl 64] The position is highly charged with tactical possibilities and the
analyses seems to indicate, that Topalov could have survived even after 26...
gxh5.} (26... gxh5 27. Bf6 Qc7 (27... Nh8 28. Bxh8 Kxh8 29. Qf6+ Kg8 30. Re3 h4
31. Rxf5 exf5 32. Qxc6 Rxe3 33. Kg1 Bb7 34. Qxb7 Rae8 35. Qxb6 $16) (27... f4
28. Rxf4 Qxc2 29. Qxh5 e5 30. Rf3 Ra7 31. Rg3+ Kf8 32. Bg7+ Ke7 33. Bxe5 $18)
28. Rxf5 Nh8 (28... Bb7 29. Rg5+ Nxg5 30. Qxg5+ Kf8 31. Rf1 $18) 29. Bxh8 Kxh8
30. Qxh5 Bb7 31. Rf7 Bxg2+ $1 32. Kg1 (32. Kxg2 Qxc2+ 33. Re2 Rg8+ 34. Kf2 Qc5+
$11) 32... Qc5+ 33. Qxc5 bxc5 34. Kxg2 Rad8 $11) 27. Nf6+ Kf7 28. Nxe8 Bb7 29.
Nd6+ (29. Qxg5 Rxe8) 29... Qxd6 30. Qxg5 Rc8 (30... Rd8 31. Qh4 h5 (31... Kg7
32. Rxe6 $1 $16) 32. Re2 $14) 31. Rf2 Rc4 32. Qh6 Kg8 33. Rd2 Bd5 $1 {World
champion seems to have obtained the full compensation for the exchange.} (33...
Rd4 34. Red1 Rxd2 (34... e5 35. Rxd4 exd4 36. Qd2 Qc6 37. Qf2 $16) 35. Qxd2
Qxd2 36. Rxd2 Bd5 37. Rd4 b5 38. axb5 axb5 39. Rb4 Bc6 40. c4 $18) 34. b3 Rc3
35. Qh4 Qc5 36. Rxe6 $1 {Adams is chosing a right solution as black will have
to play several only moves to keep the balance under dangerous attack.} Bxe6
37. Qf6 Bd5 $1 38. Qd8+ Kg7 39. Rxd5 Qf2 $1 40. Rd7+ Kh6 41. Qf8+ Kg5 42. Qe7+
Kf4 $1 43. Qd6+ (43. Qb4+ Kg5 44. Qxc3 $2 Qf1#) 43... Kg5 44. Qe7+ Kf4 45. Qd6+
1/2-1/2